000 00498nam a2200205Ia 4500
003 OSt
005 20140321100728.0
008 140130s9999 xx 000 0 und d
020 _a051627001X
050 _aPZ 7
_b.R193975Pu 1999
100 _aRau, Dana Meachen
245 _cDana Meachen Rau
_aPurple is best /
260 _bScholastic,
_c1999.
_aNew York :
300 _a31 p. :
_bcol. ill. ;
_c18 cm.
440 _v1
521 _aBR
526 _cBR
942 _cBK
_2lcc
999 _c41545
_d41545